Clients' money (Record no. 115927)
[ view plain ]
| 000 -LEADER | |
|---|---|
| fixed length control field | 01355cad a22002295a 4500 |
| 001 - CONTROL NUMBER | |
| control field | L159467 |
| 005 - DATE AND TIME OF LATEST TRANSACTION | |
| control field | 20251027143304.0 |
| 008 - FIXED-LENGTH DATA ELEMENTS--GENERAL INFORMATION | |
| fixed length control field | 070517e20110508xxk f 000 0 eng d |
| 035 ## - SYSTEM CONTROL NUMBER | |
| System control number | (Sirsi) u159467 |
| 041 0# - LANGUAGE CODE | |
| Language code of text/sound track or separate title | eng |
| 110 2# - MAIN ENTRY--CORPORATE NAME | |
| Corporate name or jurisdiction name as entry element | Royal Institution of Chartered Surveyors |
| 9 (RLIN) | 4900 |
| 245 00 - TITLE STATEMENT | |
| Title | Clients' money |
| Remainder of title | General advice for firms |
| Medium | [archived] |
| 260 ## - PUBLICATION, DISTRIBUTION, ETC. | |
| Place of publication, distribution, etc. | London |
| Name of publisher, distributor, etc. | RICS |
| Date of publication, distribution, etc. | 2011 |
| 490 #0 - SERIES STATEMENT | |
| Series statement | RICS Rules of Conduct |
| 500 ## - GENERAL NOTE | |
| General note | Superseded by client money handling, 1st edition, 2019 |
| 520 ## - SUMMARY, ETC. | |
| Summary, etc. | Effective from 04 April 2011, Version 2. Designed to assist regulated firms who hold clients' money or who have recently started to hold clients' money with key aspects of best practice. Firms will adopt different ways, based on their particular circumstances, of managing clients' money effectively in order to deliver an appropriate level of confidence to RICS, firms' clients, potential clients and stakeholders. If firms decide to deviate from the standards set out in this help sheet, RICS may require the firm to demonstrate that their standard is equivalent to best practice. Where firms operate differing methods, RICS invites those firms to submit these methods to be included in the next update. |
| 650 24 - SUBJECT ADDED ENTRY--TOPICAL TERM | |
| Topical term or geographic name entry element | RICS MEMBERSHIP |
| 650 24 - SUBJECT ADDED ENTRY--TOPICAL TERM | |
| Topical term or geographic name entry element | RICS RULES OF CONDUCT |
| 651 #4 - SUBJECT ADDED ENTRY--GEOGRAPHIC NAME | |
| Geographic name | International |
| 690 ## - LOCAL SUBJECT ADDED ENTRY--TOPICAL TERM (OCLC, RLIN) | |
| Topical term or geographic name as entry element | ETHICS |
| 942 ## - ADDED ENTRY ELEMENTS (KOHA) | |
| Suppress in OPAC | 0 |
| Source of classification or shelving scheme | Dewey Decimal Classification |
| Withdrawn status | Lost status | Source of classification or shelving scheme | Damaged status | Not for loan | Home library | Current library | Shelving location | Date acquired | Total Checkouts | Full call number | Date last seen | Copy number | Price effective from | Koha item type | Public note | Barcode |
|---|---|---|---|---|---|---|---|---|---|---|---|---|---|---|---|---|
| Dewey Decimal Classification | London | London | RICS Boxes | 28/07/2017 | RICS 2011/65 | 06/08/2019 | 1 | 06/08/2019 | Archive | 30078430 | ||||||
| Dewey Decimal Classification | London | London | RICS Boxes | 28/07/2017 | RICS 2011/65 | 06/08/2019 | 2 | 06/08/2019 | Reference material | 30078431 | ||||||
| Dewey Decimal Classification | Virtual | Virtual | Online | 27/07/2017 | SCAN | 27/10/2025 | 3 | 06/08/2019 | Online material | Please contact [email protected] to request a digital copy (fees apply for non-members) |